00580nam a2200169 a 450000100100000000500170001000800410002704000250006810000340009324000350012724501060016226000440026830000210031250000210033350400320035470000240038600003487320240301185227.0111021s1970 ag 000 0 spa d aDO-SdBNPbspacBNPHU1 aEngels, Friedrich,d1820-189510aDeutsche Bauernkrieg.lSpanish14aLas guerras campesinas en alemania /cFederico Engels ; versión al español de Leandro Martínez. aBuenos Aires :bEditorial Andes,c1970. a197 p. ;c18 cm. aIncluye índice aBibliografía : p. 195-1961 aMartínez, Leandro